| 000 | 01051nam a2200301 i 4500 | ||
|---|---|---|---|
| 001 | bg | ||
| 100 | 1 | _aROSS, Aaron | |
| 245 | 1 | 0 |
_a3ds max 5 : _bprojekty i rozwiązania / _cAaron Ross, Michele Bousquet ; [tł. Piotr Cieślak, (rozdz. _n1-7, 10, 11, dod. B), Marcin Samodulski (rozdz. _n9, 12, dod. A), Piotr Białas-Kupajczyk (rozdz. _n8)]. |
| 246 |
_iTyt. oryg.: _aHarnessing 3ds max 5 |
||
| 260 |
_aGliwice : _b"Helion", _c2004. |
||
| 300 |
_a919 s. : _bil. ; _c24 cm + _eCD ROM. |
||
| 500 | _aTyt. oryg.: "Harnessing 3ds max 5". | ||
| 504 | _aIndeks. | ||
| 650 | 9 | _a3D Studio | |
| 655 | _aPodręczniki | ||
| 700 | 1 | _aBOUSQUET, Michele | |
| 700 | 1 |
_aCIEŚLAK, Piotr. _eTł. |
|
| 700 | 1 |
_aSAMODULSKI, Marcin. _eTł. |
|
| 700 | 1 |
_aBIALAS-KUPAJCZYK, Piotr. _eTł. |
|
| 020 | _a8373613471 | ||
| 040 | _cBPK | ||
| 041 | 1 |
_apol _heng |
|
| 080 | _a004.42:004.4'27](07) | ||
| 920 | _a83-7361-347-1 | ||
| 942 | _cKS | ||
| 008 | s pl f |000 0 pol | ||
| 999 |
_c44689 _d44689 |
||